000
00372nam a2200181Ia 4500
100
_a
Nagarajan/K
650
_a
Project Management
250
_a
8
942
_c
BK
366
_f
20
654
_a
project management
245
_a
Project Management
260
_b
New Age Int (P) Ltd
_c
2017
082
_b
NAG
300
_a
725
546
_a
ENGLISH
999
_c
25240
_d
25240